The Sopranos - Greatest Quotes - Statistics

General Stats
  • This quiz has been taken 87 times
  • The average score is 20 of 40
Answer Stats
Partial Quote Speaker Missing Word(s) % Correct
What happened to Gary Cooper, the ______ type. Tony Soprano Strong Silent
89%
Just when I thought I was out, they ______! Silvio Dante Pulled me back in
80%
All this, from a slice of ______? Tony Soprano Gabagool
79%
______ years in the can. Phil Leotardo 20
76%
Ginnie Sach got a 95 pound ______ removed from her ass. Ralphie Cifaretto Mole
71%
Guy killed 16 ______, he was an interior decorator! Paulie "Walnuts" Gualtieri Czechoslovakians
69%
So what, no fucking ______ now? AJ Soprano Ziti
69%
47 years old, just a ______. Phil Leotardo Kid
68%
Ya know, ______ predicted this. Bobby Bacala Quasimodo
67%
He was gay, ______? Christopher Moltisanti Gary Cooper
65%
You look like a Puerto Rican ______. Phil Leotardo Whooah
64%
Woah woah woah... you killed the ______? Tony Soprano Dog
63%
I ate ______ off the radiator instead. Phil Leotardo Grilled Cheese
60%
M'boy, are you ______! Tony "That Animal" Blundetto, Reginald van Gleeson III Fat
59%
Those who want respect, ______ respect. Tony Soprano Give
56%
You probably don't even ______ it when it happens. Bobby Bacala Hear
56%
It's the ______! Richie Aprile Jacket
56%
Your brother Billy, ______... Little Carmine Lupertazzi Whatever happened there
52%
You want _____? How's this... Phil Leotardo Compromise
49%
You can no longer ______ as a man. Adriana La Cerva Function
49%
Can I ______ Tony, is that okay? Salvatore "Big Pussy" Bonpensiero Sit Down
48%
Who knew when he talked about ______ the Union, that's what he meant! Christopher Moltisanti Greasing
47%
Fucking ______! Paulie "Walnuts" Gualtieri Queers
47%
______ and Notre Dame. Tony Soprano Nostradamus
44%
Listen to Mr. ______. Meadow Soprano Mob Boss
43%
I made bail so fast, my ______ was still warm when I got home! Silvio Dante Soup
41%
A pint of blood costs more than a gallon of ______. Little Carmine Lupertazzi Gold
40%
Let's think of it as a meeting of ______. Little Carmine Lupertazzi Minds
39%
There he is, the king of ______! Paulie "Walnuts" Gualtieri Breadsticks
37%
"Peeps", just a fucking nickname. Family name is ______! Tony Soprano Peparelli
37%
Victory has a thousand fathers, but defeat is an ______. Sunshine Orphan
36%
We buried him…on a hill…overlooking a river…with ______ all around. Tony Soprano Pine Cones
35%
Anyways, ______ a pound. Salvatore "Big Pussy" Bonpensiero Four Dollars
33%
Jamal Ginsberg, the ______. Tony Soprano Hasidic Homeboy
31%
Who's ______ here, is somebody ______? Corrado "Junior" Soprano Speaking
29%
I don't know about you but my friends have abandoned me. I've been totally fuckin' ______. Christopher Moltisanti Ostrafied
20%
Very allegorical, the sacred and the ______. Little Carmine Lupertazzi Propane
20%
______, high speed internet. Benny "Criminal Mastermind" Fazio Fiber optic cables
15%
It's almost time for ______! Tony Soprano Turkey Sandwiches
15%
There's nothing more useless than a ______. Tony Soprano Loaded Gun
1%
No matching quizzes found
Score Distribution
Percent of People with Each Score
Percentile by Number Answered
Your Score History
You have not taken this quiz